| 000 | 00637nam a22001937a 4500 | ||
|---|---|---|---|
| 005 | 20160615124059.0 | ||
| 010 | _aENG-115265 | ||
| 020 |
_a9789350356333 _c625.00 |
||
| 035 | _aEN-98797 | ||
| 037 | _bDBAD/PUB | ||
| 082 | _a345.540253 | ||
| 100 | _aMalik,Pratap S. | ||
| 245 |
_aA complete guide to Protection of Children from Sexual Offences Act (POCSO) / _cby Pratap S. Malik |
||
| 260 |
_aGugaon _bLexisNexis _c2016 |
||
| 270 |
_a14th floor,Building N0-10,Tower-B,DLF Cyber City,Phase-II _bGurgaon _e122002 |
||
| 300 |
_axxv,454p. _c25cm(Hb) |
||
| 500 | _aIncludes index | ||
| 942 |
_2ddc _cEN _mMAL _h345.540253 |
||
| 999 |
_c100319 _d100319 |
||